000 00294nam a22001337a 4500
008 170616b xxu||||| |||| 00| 0 eng d
020 _a0879675985
041 _aeng
080 _a32
100 _a20
101 _aSHP
245 _aANLYZING THE PRESIDENCY
_cDICLERICO.R.E
942 _2udc
_cBK
999 _c17672
_d17672